[Event "European Youth Chess Championship B18"]
[Site "Prague, Top Hotel Prague"]
[Date "2016.08.19"]
[Round "2.27"]
[White "Anikonov, Dmitry"]
[Black "Bischofberger, Dario"]
[Result "1-0"]
[WhiteElo "2407"]
[BlackElo "2102"]
[PlyCount "101"]
[EventDate "2016.08.18"]

1. d4 Nf6 2. Nf3 e6 3. Bf4 b6 4. h3 Bb7 5. e3 d5 6. Bd3 Bd6 7. O-O Nbd7 8. Ne5
O-O 9. Qe2 Qe7 10. c3 c5 11. Nd2 Rad8 12. Ndf3 h6 13. Rad1 Bb8 14. Bb1 Rfe8 15.
Rfe1 Nf8 16. Nd2 N6d7 17. Bg3 Nxe5 18. dxe5 f5 19. exf6 Qxf6 20. Bxb8 Rxb8 21.
e4 dxe4 22. Nxe4 Bxe4 23. Qxe4 Rbd8 24. Bd3 Rd6 25. Re3 Red8 26. Rde1 Qf5 27.
Qxf5 exf5 28. Bxf5 Rd1 29. Kf1 Rxe1+ 30. Kxe1 Kf7 31. Ke2 Kf6 32. Bd3 Nd7 33.
f4 g5 34. g3 gxf4 35. gxf4 Rg8 36. Kf2 Rd8 37. Bc4 Nf8 38. Rd3 Rxd3 39. Bxd3
Ne6 40. Ke3 Nc7 41. a4 a6 42. Be2 b5 43. a5 b4 44. Bc4 bxc3 45. bxc3 Kf5 46.
Kf3 Kg6 47. Ke4 Kf6 48. h4 h5 49. Bf1 Ke6 50. Be2 Kf6 51. Bc4 1-0

[Event "European Youth Chess Championship B18"]
[Site "Prague, Top Hotel Prague"]
[Date "2016.08.19"]
[Round "2.28"]
[White "Garriga, Cazorla Pere"]
[Black "Stepan, Patrik"]
[Result "1/2-1/2"]
[WhiteElo "2392"]
[BlackElo "2145"]
[PlyCount "81"]
[EventDate "2016.08.18"]

1. d4 Nf6 2. c4 e6 3. Nc3 Bb4 4. Qc2 c5 5. dxc5 Na6 6. a3 Bxc3+ 7. Qxc3 Nxc5 8.
f3 d6 9. e4 b6 10. Be3 Qc7 11. Rd1 O-O 12. Qd4 Nb7 13. Ne2 e5 14. Qd3 Be6 15.
Nc3 Rac8 16. Nd5 Nxd5 17. cxd5 Bd7 18. b4 f5 19. Rc1 Qd8 20. Rxc8 Qxc8 21. Kd2
fxe4 22. fxe4 Qc7 23. Qc2 Qxc2+ 24. Kxc2 b5 25. a4 Rc8+ 26. Kb2 a6 27. Be2 Be8
28. Bg4 Rc4 29. Rf1 Nd8 30. Bg5 Nf7 31. Be6 Kf8 32. axb5 axb5 33. Bd2 Rxe4 34.
Kc3 Re2 35. Bh3 Re4 36. Be6 h6 37. Ra1 Re2 38. Ra8 Ke7 39. Ra7+ Kf8 40. Ra8 Ke7
41. Ra7+ 1/2-1/2

[Event "European Youth Chess Championship B18"]
[Site "Prague, Top Hotel Prague"]
[Date "2016.08.19"]
[Round "2.29"]
[White "Marek, Matyas"]
[Black "Markocic, Tine"]
[Result "1-0"]
[WhiteElo "2389"]
[BlackElo "2073"]
[PlyCount "71"]
[EventDate "2016.08.18"]

1. e4 c5 2. Nf3 e6 3. d4 cxd4 4. Nxd4 a6 5. c4 Nf6 6. Nc3 Qc7 7. Be2 Nc6 8. O-O
Nxd4 9. Qxd4 Bd6 10. Kh1 Be5 11. Qd3 Bxc3 12. bxc3 b6 13. Ba3 Bb7 14. f3 d5 15.
cxd5 exd5 16. exd5 Nxd5 17. c4 Ne7 18. Qe3 O-O-O 19. Bd3 Nc6 20. Rad1 Kb8 21.
Be4 Ne5 22. Bxb7 Kxb7 23. c5 b5 24. Qe4+ Nc6 25. Rd6 Rhe8 26. Qd3 b4 27. Bb2 f6
28. a3 Rxd6 29. cxd6 Rd8 30. Rd1 Qa5 31. axb4 Qxb4 32. Bxf6 Re8 33. Bc3 Qc5 34.
d7 Re3 35. d8=Q Nxd8 36. Qd7+ 1-0

[Event "European Youth Chess Championship B18"]
[Site "Prague, Top Hotel Prague"]
[Date "2016.08.19"]
[Round "2.30"]
[White "Percivaldi, Martin"]
[Black "Krutsky, Martin"]
[Result "1-0"]
[WhiteElo "2361"]
[BlackElo "2035"]
[PlyCount "120"]
[EventDate "2016.08.18"]

1. d4 Nf6 2. c4 g6 3. Nc3 Bg7 4. e4 O-O 5. Bd3 d6 6. Nge2 e5 7. d5 Na6 8. O-O
Nc5 9. Bc2 a5 10. f3 Ne8 11. Be3 f5 12. exf5 gxf5 13. f4 e4 14. Qd2 Bd7 15. b3
Nf6 16. h3 b6 17. a3 Qe8 18. Bd4 Qg6 19. b4 Na6 20. Rab1 Kh8 21. Nd1 a4 22. Ne3
Rg8 23. Rf2 Nh5 24. Nc3 Bf6 25. Ne2 h6 26. Bxf6+ Nxf6 27. Nd4 Nh5 28. Bd1 Rae8
29. Rc1 Ng3 30. Nc6 Kh7 31. Bxa4 Qf6 32. Bd1 Qh4 33. Nd4 Rg4 34. Bxg4 fxg4 35.
Ne2 gxh3 36. Nxg3 Qxg3 37. Rc3 hxg2 38. Rxg2 Qxf4 39. Qf2 Rf8 40. Qxf4 Rxf4 41.
Rg3 Nb8 42. Rc2 Be8 43. Rcg2 Bf7 44. Rg4 Rxg4 45. Rxg4 Bg6 46. a4 Na6 47. Nc2
e3 48. Nxe3 Nxb4 49. Rg2 Nd3 50. a5 bxa5 51. Ra2 Be4 52. Rxa5 c6 53. Ra7+ Kg6
54. dxc6 Bxc6 55. Ra6 Ne5 56. Ng4 Nf3+ 57. Kf2 Nd4 58. Ke3 Nf5+ 59. Kd2 Bb7 60.
Rb6 Kg5 1-0

[Event "European Youth Chess Championship B18"]
[Site "Prague, Top Hotel Prague"]
[Date "2016.08.19"]
[Round "2.31"]
[White "Sawlin, Leonid"]
[Black "Tuomainen, Felix"]
[Result "1-0"]
[WhiteElo "2322"]
[BlackElo "2087"]
[PlyCount "73"]
[EventDate "2016.08.18"]

1. e4 e6 2. d4 d5 3. Nd2 dxe4 4. Nxe4 Nd7 5. Nf3 Ngf6 6. Nxf6+ Nxf6 7. c3 c5 8.
Be3 Qc7 9. Bd3 Be7 10. O-O O-O 11. Ne5 Bd7 12. Qe2 Bc6 13. Bf4 Qb6 14. Nc4 Qd8
15. dxc5 Qd5 16. f3 Qxc5+ 17. Kh1 Rad8 18. Be3 Qh5 19. Bxa7 Nd5 20. g3 Nf6 21.
Ne5 Bd6 22. Nxc6 bxc6 23. Bf2 Qh3 24. Rfd1 e5 25. a4 Rfe8 26. Be4 Re6 27. a5
Nxe4 28. fxe4 Rh6 29. Bb6 Ra8 30. a6 c5 31. Rd5 Qc8 32. Ra5 Bf8 33. Rd8 Qc6 34.
Rxa8 Qxa8 35. Bxc5 Bxc5 36. Rxc5 Rxa6 37. Qc4 1-0

[Event "European Youth Chess Championship B18"]
[Site "Prague, Top Hotel Prague"]
[Date "2016.08.19"]
[Round "2.32"]
[White "Beeck, Mats"]
[Black "Filipets, Egor"]
[Result "0-1"]
[WhiteElo "2196"]
[BlackElo "2301"]
[PlyCount "60"]
[EventDate "2016.08.18"]

1. e4 d6 2. d4 Nf6 3. Nc3 g6 4. Bg5 Bg7 5. Qd2 h6 6. Bf4 c6 7. O-O-O b5 8. f3
b4 9. Nce2 Qa5 10. Kb1 Be6 11. Nc1 Nbd7 12. g4 Nb6 13. Nb3 Bxb3 14. cxb3 h5 15.
e5 dxe5 16. Bxe5 hxg4 17. fxg4 O-O 18. Bg2 Nxg4 19. Bxg7 Kxg7 20. Nf3 Qf5+ 21.
Ka1 Nd5 22. Rhe1 Qf4 23. Qxf4 Nxf4 24. Bf1 Nd5 25. Rc1 Nge3 26. Ba6 Rab8 27.
Rxc6 Rb6 28. Rec1 Rxc6 29. Rxc6 Rb8 30. h4 g5 0-1

[Event "European Youth Chess Championship B18"]
[Site "Prague, Top Hotel Prague"]
[Date "2016.08.19"]
[Round "2.33"]
[White "Martirosyan, Haik M"]
[Black "Pozun, Matej"]
[Result "1-0"]
[WhiteElo "2461"]
[BlackElo "2078"]
[PlyCount "47"]
[EventDate "2016.08.18"]

1. d4 Nf6 2. c4 g6 3. Nf3 Bg7 4. g3 d5 5. Bg2 c5 6. cxd5 Nxd5 7. O-O cxd4 8.
Nxd4 O-O 9. Nc3 Nxc3 10. bxc3 Nc6 11. Be3 Bd7 12. Rb1 Qc8 13. Qb3 Rb8 14. Qa3
Re8 15. Rfd1 a6 16. Qc5 Nxd4 17. cxd4 Bb5 18. Bf3 Qd7 19. Qb6 Rbc8 20. Rdc1
Rxc1+ 21. Rxc1 Rc8 22. Rc5 Rxc5 23. dxc5 Bc6 24. Bxc6 1-0

[Event "European Youth Chess Championship B18"]
[Site "Prague, Top Hotel Prague"]
[Date "2016.08.19"]
[Round "2.34"]
[White "Jonsson, Gauti Pall"]
[Black "Capone, Nicola"]
[Result "0-1"]
[WhiteElo "2075"]
[BlackElo "2392"]
[PlyCount "38"]
[EventDate "2016.08.18"]

1. e4 e6 2. b3 c5 3. Bb2 b6 4. f4 Bb7 5. d3 Ne7 6. Nf3 d5 7. Nbd2 Nbc6 8. Be2
Qc7 9. g3 f6 10. O-O O-O-O 11. c3 h6 12. Qc2 g5 13. fxg5 hxg5 14. Rac1 Bh6 15.
Rcd1 g4 16. Ne1 Be3+ 17. Kg2 dxe4 18. dxe4 Nf5 19. Rxf5 exf5 0-1

[Event "European Youth Chess Championship B18"]
[Site "Prague, Top Hotel Prague"]
[Date "2016.08.19"]
[Round "2.35"]
[White "Karas, Marek"]
[Black "Whatley, Stephen A J"]
[Result "0-1"]
[WhiteElo "2278"]
[BlackElo "2073"]
[PlyCount "120"]
[EventDate "2016.08.18"]

1. e4 c5 2. Nf3 Nc6 3. Bb5 e6 4. Bxc6 bxc6 5. d3 Qc7 6. Bd2 e5 7. O-O Ne7 8.
Nh4 Ng6 9. Nxg6 hxg6 10. f4 Bd6 11. Qc1 Ba6 12. c4 O-O-O 13. Nc3 exf4 14. Bxf4
g5 15. Bxd6 Qxd6 16. h3 g4 17. Qe3 gxh3 18. gxh3 Rh6 19. Rf3 Re8 20. Raf1 g5
21. Rg3 Re5 22. Rxf7 Qe6 23. Rf8+ Kc7 24. Na4 Qd6 25. Rf2 Rhe6 26. b3 Qe7 27.
Qe1 Bc8 28. Qf1 Qd6 29. Kg2 Rh6 30. Rf7 Qd4 31. Qf2 Qd6 32. Nc3 Qe6 33. Rf5 d6
34. Rf8 Rh7 35. Qf6 Qd7 36. Qf3 Qe7 37. Nd1 Bxh3+ 38. Kg1 d5 39. Nf2 Bd7 40.
Qf6 Qxf6 41. Rxf6 Rg7 42. Kg2 a5 43. cxd5 cxd5 44. exd5 Rxd5 45. Ra6 a4 46.
bxa4 Bc6 47. Ne4 Kb7 48. Rxc6 Kxc6 49. Kf2 g4 50. Ke3 Rd4 51. Nc3 Re7+ 52. Kd2
c4 53. Ne2 Rxd3+ 54. Rxd3 cxd3 55. Kxd3 Kc5 56. a5 Re8 57. a6 Kb6 58. Ng3 Kxa6
59. Ne4 Ka5 60. Nf6 g3 0-1

[Event "European Youth Chess Championship B18"]
[Site "Prague, Top Hotel Prague"]
[Date "2016.08.19"]
[Round "2.36"]
[White "Hollan, Martin"]
[Black "Sucharda, David"]
[Result "1-0"]
[WhiteElo "2256"]
[BlackElo "2051"]
[PlyCount "61"]
[EventDate "2016.08.18"]

1. e4 d6 2. d4 Nf6 3. Nc3 e5 4. Nf3 Nbd7 5. Bc4 Be7 6. O-O O-O 7. a4 c6 8. Re1
a5 9. h3 Nb6 10. Ba2 Nfd7 11. Be3 exd4 12. Nxd4 Nc5 13. Qh5 g6 14. Qf3 Bf6 15.
Rad1 Nbxa4 16. Nxa4 Nxa4 17. Bh6 Bg7 18. Bxg7 Kxg7 19. Qa3 Nc5 20. e5 Re8 21.
Qc3 Kg8 22. exd6 Ne4 23. Rxe4 Rxe4 24. Qf3 Re6 25. d7 Rf6 26. Nxc6 Bxd7 27.
Nxd8 Rxf3 28. Rxd7 Rf5 29. Nxf7 Kf8 30. Nd6 Rc5 31. Rf7+ 1-0

[Event "European Youth Chess Championship B18"]
[Site "Prague, Top Hotel Prague"]
[Date "2016.08.19"]
[Round "2.37"]
[White "Alexiadis, Hristos"]
[Black "Koehn, Lennart"]
[Result "1-0"]
[WhiteElo "2226"]
[BlackElo "2048"]
[PlyCount "77"]
[EventDate "2016.08.18"]

1. c4 c5 2. Nf3 Nc6 3. d4 cxd4 4. Nxd4 Nf6 5. Nc3 g6 6. e4 d6 7. f3 Bg7 8. Be3
Nxd4 9. Qxd4 O-O 10. Qd2 Be6 11. Rc1 Qa5 12. b3 Rfc8 13. Be2 a6 14. Na4 Qxd2+
15. Kxd2 Nd7 16. Nc3 b5 17. Nd5 Bxd5 18. cxd5 Bb2 19. Rc2 Rxc2+ 20. Kxc2 Ba3
21. Bd2 Rc8+ 22. Kb1 Kg7 23. Re1 Nb6 24. Bf1 Bc5 25. Rc1 Bd4 26. Rxc8 Nxc8 27.
a4 Na7 28. Ba5 f5 29. Kc2 fxe4 30. fxe4 Kf6 31. Kd3 Bg1 32. g3 bxa4 33. bxa4
Nc8 34. Bc3+ Kf7 35. a5 Bxh2 36. Bd4 e5 37. Bf2 Kf6 38. Ke3 Kg5 39. Bxa6 1-0

[Event "European Youth Chess Championship B18"]
[Site "Prague, Top Hotel Prague"]
[Date "2016.08.19"]
[Round "2.38"]
[White "Vangsgaard, Bjarke"]
[Black "Triger, Ramon"]
[Result "0-1"]
[WhiteElo "2034"]
[BlackElo "2215"]
[PlyCount "74"]
[EventDate "2016.08.18"]

1. d4 Nf6 2. Bf4 g6 3. c4 Bg7 4. e3 O-O 5. Nc3 d6 6. Be2 Nbd7 7. Nf3 h6 8. h3
Re8 9. O-O c6 10. Qc2 e5 11. dxe5 dxe5 12. Bh2 Qe7 13. Rfd1 Kh7 14. Rab1 e4 15.
Nd4 a6 16. b4 Ng8 17. c5 Be5 18. Bxe5 Qxe5 19. Bc4 Kg7 20. Qb3 Re7 21. a4 Ngf6
22. Bxf7 Nxc5 23. bxc5 Rxf7 24. Qb4 Qg5 25. Nce2 Nd5 26. Qb2 Kh7 27. Ng3 Bf5
28. Ndxf5 gxf5 29. Qe5 Rg8 30. Kh2 Qg6 31. Rg1 f4 32. exf4 e3 33. f5 Qg5 34.
fxe3 Re7 35. Qd6 Rxe3 36. Rxb7+ Kh8 37. Nf1 Rxh3+ 0-1

[Event "European Youth Chess Championship B18"]
[Site "Prague, Top Hotel Prague"]
[Date "2016.08.19"]
[Round "2.39"]
[White "Redondo, Benavente Jose Carlo"]
[Black "Hons, Tomas"]
[Result "1-0"]
[WhiteElo "2206"]
[BlackElo "2033"]
[PlyCount "95"]
[EventDate "2016.08.18"]

1. e4 c5 2. Nf3 e6 3. d4 cxd4 4. Nxd4 Nc6 5. Nc3 Qc7 6. g3 a6 7. Bg2 d6 8. O-O
Bd7 9. Re1 Be7 10. Be3 Nf6 11. h3 O-O 12. f4 Na5 13. Bf2 Rfd8 14. e5 Ne8 15.
Qe2 Bc6 16. exd6 Bxd6 17. Nxc6 Nxc6 18. Ne4 Bf8 19. c3 Rd7 20. Rad1 Rad8 21.
Rxd7 Rxd7 22. Rd1 Nf6 23. Nxf6+ gxf6 24. Rxd7 Qxd7 25. Be4 f5 26. Qd3 Qxd3 27.
Bxd3 Bd6 28. Kg2 Kg7 29. Kf3 Kf6 30. g4 fxg4+ 31. hxg4 h6 32. Be4 Bf8 33. Bh4+
Kg7 34. b4 Bd6 35. a4 Bc7 36. Bf2 Kf6 37. Bh4+ Kg7 38. Bg3 Kf6 39. Ke3 a5 40.
Bh4+ Kg7 41. b5 Nd8 42. c4 b6 43. Kd4 f6 44. c5 Kf7 45. f5 Ke7 46. Bf2 exf5 47.
gxf5 Nf7 48. Kd5 1-0

[Event "European Youth Chess Championship B18"]
[Site "Prague, Top Hotel Prague"]
[Date "2016.08.19"]
[Round "2.40"]
[White "De, Block Yordi"]
[Black "Seresin, Francesco"]
[Result "0-1"]
[WhiteElo "2015"]
[BlackElo "2200"]
[PlyCount "128"]
[EventDate "2016.08.18"]

1. d4 d5 2. Bf4 c5 3. e3 Nc6 4. Nc3 a6 5. Nf3 Bg4 6. Be2 e6 7. Ne5 Bxe2 8. Nxe2
Nf6 9. c3 Nxe5 10. Bxe5 Nd7 11. Bg3 Be7 12. O-O O-O 13. Nf4 Rc8 14. Nd3 Qb6 15.
Qd2 Qa5 16. dxc5 Nxc5 17. Nxc5 Qxc5 18. Rfd1 Bf6 19. Qe2 Qc4 20. Qxc4 Rxc4 21.
f3 h5 22. a3 b5 23. Bd6 Rfc8 24. Bb4 Bd8 25. Rd4 Bb6 26. Rd3 a5 27. Bd6 f6 28.
Bg3 b4 29. axb4 axb4 30. Be1 b3 31. Kf2 Bc5 32. Ra6 Kf7 33. Ke2 g5 34. Rd1 g4
35. Rda1 gxf3+ 36. Kxf3 Rg8 37. Ra8 Rg5 38. Rb8 Rf5+ 39. Ke2 Re5 40. Bd2 Rce4
41. Rxb3 Bxe3 42. Bxe3 Rxe3+ 43. Kf1 h4 44. h3 Kg6 45. Rb4 Rf5+ 46. Kg1 Rg5 47.
Rf1 Rxh3 48. Rf2 f5 49. Rb6 Re3 50. Kh2 Rg4 51. Rd2 Kf7 52. Rc6 Rc4 53. Rxc4
dxc4 54. Rd4 Re4 55. Kh3 Rxd4 56. cxd4 Ke7 57. Kxh4 Kd6 58. Kg5 Kd5 59. Kf6 f4
60. Kg5 e5 61. dxe5 Kxe5 62. Kg4 Ke4 63. Kg5 Kd3 64. Kxf4 Kc2 0-1

[Event "European Youth Chess Championship B18"]
[Site "Prague, Top Hotel Prague"]
[Date "2016.08.19"]
[Round "2.41"]
[White "Schwander, Lukas"]
[Black "Fossan, Andreas"]
[Result "1-0"]
[WhiteElo "2199"]
[BlackElo "2023"]
[PlyCount "89"]
[EventDate "2016.08.18"]

1. e4 e6 2. d4 d5 3. Bd3 Nf6 4. e5 Nfd7 5. c3 c5 6. Ne2 Nc6 7. O-O Be7 8. Nd2
cxd4 9. cxd4 O-O 10. Nf3 f5 11. exf6 Nxf6 12. h3 Bd6 13. Be3 Bd7 14. a3 Qe7 15.
Rc1 Rae8 16. Qd2 e5 17. dxe5 Nxe5 18. Nxe5 Bxe5 19. Bc5 Bd6 20. Qb4 Bxc5 21.
Qxc5 Qe5 22. Qd4 Qxd4 23. Nxd4 Rc8 24. Nf5 Rfe8 25. Rxc8 Bxc8 26. Nd6 Rd8 27.
Nb5 a6 28. Nd4 Bd7 29. Rd1 Kf7 30. f3 Re8 31. Kf2 h6 32. Bf5 Bxf5 33. Nxf5 Re6
34. Nd4 Rb6 35. b4 Nd7 36. Nf5 Nf6 37. Re1 Re6 38. Rc1 Kg6 39. g4 Ne8 40. Rc5
Nf6 41. Rc7 Ne8 42. Rxb7 Kf6 43. Nd4 Rd6 44. Ke3 Kg6 45. Re7 1-0

[Event "European Youth Chess Championship B18"]
[Site "Prague, Top Hotel Prague"]
[Date "2016.08.19"]
[Round "2.42"]
[White "Pein, Jonathan"]
[Black "Zirkelbach, Maj"]
[Result "0-1"]
[WhiteElo "1980"]
[BlackElo "2189"]
[PlyCount "78"]
[EventDate "2016.08.18"]

1. e4 e5 2. Nf3 Nc6 3. Nc3 Bc5 4. Bc4 Nf6 5. O-O d6 6. h3 a6 7. a3 Be6 8. b3 h6
9. d3 Nd4 10. Bb2 b5 11. Bd5 Nxd5 12. Nxd5 Nxf3+ 13. Qxf3 O-O 14. Ne3 g6 15.
Qg3 Qg5 16. Ng4 Bxg4 17. Bc1 Qe7 18. Qxg4 Kh7 19. Be3 f5 20. exf5 gxf5 21. Qh5
Bxe3 22. fxe3 Qg5 23. Qxg5 hxg5 24. g3 Kg6 25. Kf2 d5 26. Ke2 Rf7 27. Rf2 Re8
28. Raf1 c5 29. h4 Rh8 30. hxg5 Rhf8 31. e4 fxe4 32. dxe4 Rxf2+ 33. Rxf2 Rxf2+
34. Kxf2 d4 35. a4 c4 36. axb5 axb5 37. bxc4 bxc4 38. c3 d3 39. Ke3 Kxg5 0-1

[Event "European Youth Chess Championship B18"]
[Site "Prague, Top Hotel Prague"]
[Date "2016.08.19"]
[Round "2.43"]
[White "Kostka, Vit"]
[Black "Scott, Luke"]
[Result "0-1"]
[WhiteElo "2188"]
[BlackElo "2001"]
[PlyCount "56"]
[EventDate "2016.08.18"]

1. e4 e6 2. d4 d5 3. Nd2 Nf6 4. e5 Nfd7 5. Bd3 c5 6. c3 Nc6 7. Ne2 cxd4 8. cxd4
f6 9. exf6 Nxf6 10. O-O Bd6 11. Nf3 O-O 12. Nc3 a6 13. Bg5 Bd7 14. Rc1 h6 15.
Bh4 Qe8 16. Bb1 Bf4 17. Bxf6 Rxf6 18. Qd3 Bxc1 19. Qh7+ Kf8 20. Rxc1 Qf7 21.
Nh4 Be8 22. Re1 Rd8 23. Qd3 Qh5 24. Qg3 Nxd4 25. Re5 g5 26. Nf5 Nxf5 27. Bxf5
exf5 28. Qe3 d4 0-1

[Event "European Youth Chess Championship B18"]
[Site "Prague, Top Hotel Prague"]
[Date "2016.08.19"]
[Round "2.44"]
[White "Theocharous, Stelios"]
[Black "Schwab, Lukas"]
[Result "1-0"]
[WhiteElo "1972"]
[BlackElo "2175"]
[PlyCount "87"]
[EventDate "2016.08.18"]

1. e4 e5 2. Nf3 Nc6 3. Bb5 a6 4. Ba4 Nf6 5. O-O Be7 6. Re1 b5 7. Bb3 d6 8. c3
O-O 9. h3 Na5 10. Bc2 c5 11. d4 Qc7 12. Nbd2 cxd4 13. cxd4 Rd8 14. d5 Bd7 15.
Nf1 Rdc8 16. Ne3 Bd8 17. Bd2 Qa7 18. Bb4 Qb8 19. Rc1 Nc4 20. b3 Nxe3 21. Rxe3
Bb6 22. Re1 a5 23. Ba3 b4 24. Bb2 Qa7 25. Rf1 Bc5 26. Bd3 Qb6 27. Nd2 a4 28.
Nc4 Qa7 29. Qf3 Ne8 30. Kh1 Rab8 31. Qg3 Bb5 32. f4 Bxc4 33. Bxc4 a3 34. Ba1
Be3 35. fxe5 Bxc1 36. Rxc1 dxe5 37. Bxe5 Rb7 38. d6 Kh8 39. Qg4 Rd8 40. Rd1
Rdd7 41. Bd5 Rb6 42. Rc1 Rdxd6 43. Rc8 Qe7 44. Qxg7# 1-0

[Event "European Youth Chess Championship B18"]
[Site "Prague, Top Hotel Prague"]
[Date "2016.08.19"]
[Round "2.45"]
[White "Sinanovic, Ermin"]
[Black "Ferreira, Hugo Miguel Da Costa"]
[Result "1-0"]
[WhiteElo "2175"]
[BlackElo "1975"]
[PlyCount "120"]
[EventDate "2016.08.18"]

1. d4 d5 2. Nf3 e6 3. c4 c6 4. cxd5 exd5 5. Nc3 Bd6 6. Bg5 f6 7. Bh4 Ne7 8. e3
Bf5 9. Bd3 Nd7 10. Bg3 Nb6 11. O-O O-O 12. e4 Bg4 13. e5 Bxf3 14. gxf3 fxe5 15.
dxe5 Bc7 16. f4 Qd7 17. Re1 Qe6 18. Rc1 Nbc8 19. f5 Nxf5 20. Nxd5 cxd5 21. Rxc7
Qb6 22. Bxf5 Qxc7 23. Qxd5+ Kh8 24. Bd3 Ne7 25. Qe4 Nf5 26. e6 Qe7 27. Rc1 Rae8
28. Rc7 Qf6 29. Rxb7 Rxe6 30. Qxf5 Re1+ 31. Kg2 Qc6+ 32. Be4 Qxe4+ 33. Qxe4
Rxe4 34. Rxa7 g5 35. Ra5 h6 36. a3 Rf7 37. b4 Re1 38. Re5 Ra1 39. Re3 Kh7 40.
b5 Rb1 41. a4 Rb4 42. Rc3 Ra7 43. Bd6 Rb2 44. Bc5 Ra5 45. Kf3 Kg6 46. Ke4 g4
47. Kd5 Kf5 48. Kc6 h5 49. Kb7 h4 50. Bb6 Rbxb5 51. Kc6 Rxb6+ 52. Kxb6 Re5 53.
a5 Re6+ 54. Kc7 Re7+ 55. Kd8 Ra7 56. a6 Ke6 57. Kc8 Kd6 58. Kb8 Rg7 59. a7 Rg8+
60. Kb7 Rg7+ 1-0

[Event "European Youth Chess Championship B18"]
[Site "Prague, Top Hotel Prague"]
[Date "2016.08.19"]
[Round "2.46"]
[White "Maes, Tibo"]
[Black "Friedland, Moshe"]
[Result "0-1"]
[WhiteElo "1950"]
[BlackElo "2170"]
[PlyCount "54"]
[EventDate "2016.08.18"]

1. e4 c5 2. d4 cxd4 3. c3 dxc3 4. Nxc3 Nc6 5. Nf3 d6 6. Bc4 a6 7. O-O Nf6 8.
Bf4 e5 9. Be3 Be7 10. b4 O-O 11. a3 Bg4 12. h3 Bh5 13. Bd5 Rc8 14. Rc1 Qd7 15.
g4 Nxg4 16. Bxc6 Rxc6 17. Nxe5 Nxe3 18. Qxh5 dxe5 19. fxe3 Bg5 20. Nd5 Rxc1 21.
Rxc1 Bxe3+ 22. Nxe3 Qd2 23. Rc7 Qxe3+ 24. Kh2 Qf2+ 25. Kh1 Rd8 26. Rc1 Qf4 27.
Re1 Rd2 0-1

[Event "European Youth Chess Championship B18"]
[Site "Prague, Top Hotel Prague"]
[Date "2016.08.19"]
[Round "2.47"]
[White "Thorhallsson, Simon"]
[Black "Lopez, Popov Ivan"]
[Result "0-1"]
[WhiteElo "2169"]
[BlackElo "1948"]
[PlyCount "86"]
[EventDate "2016.08.18"]

1. d4 d5 2. c4 c6 3. Nf3 Nf6 4. Nc3 a6 5. Bf4 Bf5 6. e3 e6 7. Be2 Bd6 8. Bxd6
Qxd6 9. O-O Nbd7 10. Qb3 O-O 11. cxd5 cxd5 12. Rfc1 b5 13. a4 b4 14. Nb1 a5 15.
Nbd2 Rfc8 16. Qd1 Nb6 17. Bb5 Nfd7 18. h3 e5 19. dxe5 Nxe5 20. Nxe5 Qxe5 21.
Qb3 Qf6 22. Nf1 Nc4 23. Bxc4 dxc4 24. Rxc4 Be6 25. Rxc8+ Rxc8 26. Qd3 Qxb2 27.
Rd1 h6 28. Qb5 Qc2 29. Rd2 Qc5 30. Rd8+ Kh7 31. Qd3+ Qf5 32. Qxf5+ Bxf5 33.
Rxc8 Bxc8 34. Nd2 Bd7 35. Nb3 Be6 36. Nd2 b3 37. Kf1 b2 38. Ke2 Ba2 39. Kd3
b1=Q+ 40. Nxb1 Bxb1+ 41. Kc4 Be4 42. Kb5 Bxg2 43. h4 Kg6 0-1

[Event "European Youth Chess Championship B18"]
[Site "Prague, Top Hotel Prague"]
[Date "2016.08.19"]
[Round "2.48"]
[White "Thorgeirsson, Jon Kristinn"]
[Black "Sramek, Ondrej"]
[Result "1-0"]
[WhiteElo "2151"]
[BlackElo "1945"]
[PlyCount "93"]
[EventDate "2016.08.18"]

1. d4 Nf6 2. c4 c5 3. d5 b5 4. cxb5 a6 5. b6 Qxb6 6. Nc3 g6 7. Nf3 d6 8. Nd2
Bg7 9. Nc4 Qc7 10. a4 Nbd7 11. a5 Bb7 12. g3 O-O 13. Bg2 e6 14. O-O exd5 15.
Bxd5 Ne5 16. Bxb7 Qxb7 17. Nxd6 Qc6 18. f4 Neg4 19. e4 Nxe4 20. Ndxe4 Bd4+ 21.
Kg2 Bxc3 22. Qa4 Qxa4 23. Rxa4 Bd4 24. h3 Nh6 25. Rd1 f5 26. Nd6 Nf7 27. Nc4
Rfe8 28. Kf3 Rab8 29. b4 Re4 30. Nb6 Rbe8 31. Nd5 R8e6 32. bxc5 Bxc5 33. Rxe4
fxe4+ 34. Ke2 Nd6 35. Nc7 Re7 36. Nxa6 Nb7 37. Nxc5 Nxc5 38. Ba3 Rc7 39. Rc1
Na6 40. Rxc7 Nxc7 41. Ke3 Kf7 42. Kxe4 Ke6 43. Bc5 Kd7 44. Bb6 Na6 45. Ke5 Ke7
46. g4 Nb8 47. Bc5+ 1-0

[Event "European Youth Chess Championship B18"]
[Site "Prague, Top Hotel Prague"]
[Date "2016.08.19"]
[Round "2.49"]
[White "Salim, Riza"]
[Black "Lukic, Lazar"]
[Result "1/2-1/2"]
[WhiteElo "2146"]
[BlackElo "1939"]
[PlyCount "64"]
[EventDate "2016.08.18"]

1. e4 e5 2. Nf3 Nc6 3. Bc4 Bc5 4. c3 Nf6 5. d3 d6 6. Bb3 O-O 7. h3 Ne7 8. O-O
Ng6 9. Re1 c6 10. Nbd2 Bb6 11. Nf1 h6 12. Ng3 Re8 13. d4 Be6 14. Bc2 a5 15. Nf5
exd4 16. N5xd4 Ne5 17. Nxe6 Rxe6 18. Nd4 Re8 19. Kh1 Ng6 20. f4 Qd7 21. Qf3 c5
22. Nf5 Rad8 23. Be3 Qc6 24. Bf2 Bc7 25. Rad1 b5 26. Rd2 Ne7 27. e5 Qxf3 28.
Nxe7+ Rxe7 29. gxf3 Nh5 30. Re4 d5 31. Re1 Nxf4 32. Bxc5 Rxe5 1/2-1/2

[Event "European Youth Chess Championship B18"]
[Site "Prague, Top Hotel Prague"]
[Date "2016.08.19"]
[Round "2.50"]
[White "Steindl, Johannes"]
[Black "Rajic, Ivan"]
[Result "0-1"]
[WhiteElo "2141"]
[BlackElo "1922"]
[PlyCount "122"]
[EventDate "2016.08.18"]

1. e4 c5 2. Nf3 d6 3. d4 cxd4 4. Nxd4 Nf6 5. Nc3 g6 6. Be3 Bg7 7. f3 O-O 8. Qd2
Nc6 9. Bc4 Bd7 10. O-O-O Rc8 11. Bb3 Ne5 12. Kb1 Nc4 13. Bxc4 Rxc4 14. h4 a6
15. h5 b5 16. hxg6 fxg6 17. Bh6 Nxe4 18. Nxe4 Rxd4 19. Qe3 Rxd1+ 20. Rxd1 Bf5
21. Bxg7 Kxg7 22. Rh1 h5 23. Ng5 Qc7 24. g4 hxg4 25. fxg4 Rh8 26. Rc1 Bc8 27.
Qe4 d5 28. Qxd5 Qf4 29. Re1 e5 30. Ne6+ Bxe6 31. Qxe6 Qf6 32. Qd7+ Qf7 33. Qd6
Qf6 34. Qd7+ Qf7 35. Qd6 Qf6 36. Qc5 Rh4 37. a3 Rxg4 38. Qc7+ Kh6 39. Rxe5 Qf1+
40. Ka2 Qc4+ 41. Qxc4 Rxc4 42. Re6 Rxc2 43. Rxa6 Rc5 44. Ra5 Rf5 45. Kb3 g5 46.
a4 bxa4+ 47. Rxa4 Kh5 48. Kc3 g4 49. Kd2 g3 50. Ke2 Rf2+ 51. Ke1 Rf5 52. Ra8
Kg4 53. Rg8+ Kh3 54. Rh8+ Kg2 55. Re8 Rf2 56. b4 Rb2 57. Rb8 Kh1 58. Rg8 g2 59.
Rh8+ Kg1 60. Rb8 Rb3 61. Re8 Kh2 0-1

[Event "European Youth Chess Championship B18"]
[Site "Prague, Top Hotel Prague"]
[Date "2016.08.19"]
[Round "2.51"]
[White "Kilic, Cihan"]
[Black "Syvalahti, Timo"]
[Result "1/2-1/2"]
[WhiteElo "1893"]
[BlackElo "2139"]
[PlyCount "136"]
[EventDate "2016.08.18"]

1. e4 e6 2. b3 d5 3. Bb2 dxe4 4. Nc3 Nf6 5. g4 h6 6. Bg2 Be7 7. Qe2 a5 8. a4 c6
9. Nxe4 b6 10. Nh3 Bb7 11. O-O-O Nbd7 12. f4 Qc7 13. g5 Nxe4 14. Qxe4 hxg5 15.
fxg5 O-O-O 16. Rhf1 Qxh2 17. Rxf7 Qd6 18. Bxg7 Rhg8 19. Kb1 e5 20. Qc4 Rde8 21.
d4 c5 22. Bxb7+ Kxb7 23. d5 Qg6 24. d6 Rxg7 25. dxe7 Qxf7 26. Rxd7+ Kc8 27.
Rd8+ Rxd8 28. Qa6+ Kd7 29. Qb7+ Ke8 30. exd8=Q+ Kxd8 31. Qb8+ Ke7 32. Qxe5+ Kd7
33. Nf4 Kc8 34. Ne6 Rg6 35. Qh8+ Qg8 36. Qxg8+ Rxg8 37. Kb2 Kd7 38. Nf4 Rxg5
39. Kc3 Kd6 40. Nd3 Rg2 41. Nb2 Kd5 42. Nc4 Rg6 43. Ne3+ Ke4 44. Nc4 Rh6 45.
Nd2+ Ke3 46. Nc4+ Ke2 47. Kb2 Rh2 48. Kc1 Rh6 49. Kb2 Rg6 50. Ne5 Re6 51. Nc4
Kd1 52. Na3 Re2 53. Kb1 Re4 54. Kb2 Rh4 55. Kb1 Kd2 56. Kb2 Rb4 57. c4 Kd3 58.
Nc2 Kd2 59. Na3 Kd3 60. Nc2 Ke4 61. Kc3 Kf4 62. Nxb4 axb4+ 63. Kd3 Kf3 64. Kd2
Ke4 65. Ke2 Kd4 66. Kd2 Ke4 67. Ke2 Kf4 68. Kf2 Ke4 1/2-1/2